| 000 | 01647nas a2200277 4500 | ||
|---|---|---|---|
| 999 |
_c64124 _d64124 |
||
| 001 | 768714001 | ||
| 003 | CO-MdFUSB | ||
| 005 | 20190202100438.0 | ||
| 008 | 171116s2017 ck ||||| |||| 00| 0 spa d | ||
| 022 | _a0120-3649 | ||
| 040 |
_aCO-MdFUSB _bspa _cCO-MdFUSB _dCO-MdFUSB |
||
| 041 | _aspa | ||
| 100 |
_aEcheverry P., Antonio José _eautor |
||
| 245 | 1 | 0 |
_aGerardo Valencia Cano : _bobispo de los pobres _c/ Antonio José Echeverry P. y David Mauricio Benal Argote |
| 300 |
_aVolumen 67. Número 184 (2017), páginas 361-385 _c: 24 cm. |
||
| 520 | 1 | _a La vida y obra de Gerardo Valencia Cano es bien reconocida en los lugares donde su figura delgada se hizo presente, es decir, Yarumal, Mitú y Buenaventura. A pesar de que su obra pastoral y misional fue prolífica en estas comunidades, son pocos los textos que exploran de manera profunda y reflexiva sus proyectos, así como su trabajo intelectual, literario, teológico y eclesial. Sin embargo, nuevas aproximaciones, diferentes perspectivas y un trabajo documental serio permiten evidenciar que la figura de monseñor Valencia Cano ofrece una multiplicidad de acercamientos y que su vida agitada como miembro de la Iglesia Católica del siglo XX supone intersticios todavía vírgenes para las ciencias sociales. | |
| 650 | 7 |
_aMisioneros _2 _9931 |
|
| 653 | _aEspiritualidad | ||
| 653 | _aMisiones | ||
| 653 | _aEpiscopado Colombiano | ||
| 653 | _aTeología de la liberación | ||
| 653 | _aGolconda | ||
| 700 |
_aBernal Argote, David Mauricio _eautor |
||
| 773 |
_049424 _976244 _gVolumen 67. Número 184 (2017), páginas 361-385 _qPágina 361 _tTheologica Xaveriana |
||
| 942 | _cANA | ||